Pokémon Rhymes - Statistics

General Stats
  • This quiz has been taken 7 times
  • The average score is 2 of 15
Answer Stats
Hint Answer % Correct
God-Like Flytrap Divine Carnivine
67%
One of the Best Rhinos Superior Rhyperior
67%
Superior Ice Cream Deluxe Vanilluxe
33%
Skunk with a Cool Groove Funky Stunky
33%
Annoyed Eel Cross Eelektross
0%
Recall a Fighter Evoke Machoke
0%
Dragonic Trample Garchomp Stomp
0%
Sleep Inducing Mushroom Hypnotic Shiinotic
0%
Curse a Lion Cub Jinx Shinx
0%
A Slim Female Royal Lean Nidoqueen
0%
A Horse without Color Pale Mudsdale
0%
Cat Disdain Persian Aversion
0%
Speak Squid Say Inkay
0%
Enduring Dessert Tough Slurpuff
0%
Up Close Look of a Flying Flower Zoom Skiploom
0%
No matching quizzes found
Score Distribution
Percent of People with Each Score
Percentile by Number Answered
Your Score History
You have not taken this quiz